01319nam a2200253 a 4500001001000000005001700010008004100027041000800068044000700076084002000083100004500103245008100148260004000229300002400269500016800293500007900461500027700540500001100817650005200828650005600880650003400936650004500970740005001015BRCA_273320190320203939.0041208s1897----sp-a---###---#000-0#spa-u aspa asp a227b.T37c18971 aCervantes Saavedra, Miguel ded1547-161610aEl Ingenioso Hidalgo Don Quijote de la ManchacMiguel de Cervantes Saavedra. aBarcelonabLuis Tasso Serrac[1897] a792 p.bil.c23 cm. aContenido : Primera parte. Dedicatoria del autor. Prólogo del autor. Versos preliminares. Texto. Segunda parte. Dedicatoria del autor. Prólogo del autor. Texto aEdición : Dibujos de Gustavo Doré. Reproducciones foto-zincográficas aBonita edición, pulcramente impresa, cuyo texto, salvo ligeras variantes, sigue al de la de Cuesta, de 1608. Va adornada con profusión de reproducción foto-zincográficas de dibujos de G. Doré. Semipiel; lomo y tapas decorados con adornos dorados Lúdovik Osterc aQM229A14aNovela españolayÉpoca clásica, 1500-170014aLiteratura españolayÉpoca clásica, 1500-170014aNovela españolaySiglo XVII14aDon Quijote (Personaje ficticio)eNovela0 aEl Ingenioso Hidalgo Don Quijote de la Mancha